| 000 | 00663nam a2200217 u 4500 | ||
|---|---|---|---|
| 005 | 20240228063652.0 | ||
| 008 | 141103s2010 es r 000 0 spa d | ||
| 020 | _a9789484125525 | ||
| 035 | _aUPN01000200576 | ||
| 049 | _aI | ||
| 050 | 4 |
_aPQ6703 A5.2 _bC8.23 |
|
| 100 | 1 |
_aCanals Botines, Mireia _936434 |
|
| 245 | 1 | 0 |
_aCuando llega la señora Primavera / _cMireia Canals ; Susanna Miravete. |
| 260 |
_aBarcelona, Esp. : _bSalvatella, _c2010. |
||
| 300 |
_a39 p. : _bil. col. |
||
| 440 | 4 |
_aLas cuatro estaciones ; _v3 |
|
| 650 | 4 |
_aLiteratura infantil española _95892 |
|
| 650 | 4 |
_aESTACIONES DEL AÑO _911139 |
|
| 905 | _aInfantil | ||
| 999 |
_c172677 _d172677 |
||